000 00318nam a2200133Ia 4500
005 20251222142029.0
008 251222s9999||||xx |||||||||||||| ||spa||
020 _a84-86897-61-X
082 _a261.7/P81
100 _aPoupard, Paul
245 0 _aEl Horizonte de la Libertad:
264 _bCiudad Nueva
942 _cLIB
999 _c10897
_d10897